Welcome to CU Library Online Public Access Catalogue (OPAC)

The power of suffering : (Record no. 8860)

MARC details
000 -LEADER
fixed length control field 00684pam a2200217 a 4500
001 - CONTROL NUMBER
control field 2087118
005 - DATE AND TIME OF LATEST TRANSACTION
control field 20260304112528.0
008 - FIXED-LENGTH DATA ELEMENTS--GENERAL INFORMATION
fixed length control field 950407s1995 ilu 001 0 eng
020 ## - INTERNATIONAL STANDARD BOOK NUMBER
International Standard Book Number 156476429X
020 ## - INTERNATIONAL STANDARD BOOK NUMBER
International Standard Book Number 9781564764294
050 00 - LIBRARY OF CONGRESS CALL NUMBER
Classification number BS680.S854
Item number M37 1995
082 00 - DEWEY DECIMAL CLASSIFICATION NUMBER
Classification number 248.8/6
Edition information 20
100 1# - MAIN ENTRY--PERSONAL NAME
Personal name MacArthur, John,
Dates associated with a name 1939-
245 14 - TITLE STATEMENT
Title The power of suffering :
Remainder of title strengthening your faith in the refiner's fire /
Statement of responsibility, etc. John MacArthur, Jr.
260 ## - PUBLICATION, DISTRIBUTION, ETC.
Place of publication, distribution, etc. Wheaton, Ill. :
Name of publisher, distributor, etc. Victor Books,
Date of publication, distribution, etc. c1995.
300 ## - PHYSICAL DESCRIPTION
Extent 191 p. ;
Dimensions 22 cm.
500 ## - GENERAL NOTE
General note Includes indexes.
650 #0 - SUBJECT ADDED ENTRY--TOPICAL TERM
Topical term or geographic name entry element Suffering
General subdivision Biblical teaching.
650 #0 - SUBJECT ADDED ENTRY--TOPICAL TERM
Topical term or geographic name entry element Suffering
General subdivision Religious aspects
-- Christianity.
942 ## - ADDED ENTRY ELEMENTS (KOHA)
Source of classification or shelving scheme Library of Congress Classification
Koha item type Books
Suppress in OPAC No
999 ## -
-- 8860
-- 8860
Holdings
Withdrawn status Lost status Source of classification or shelving scheme Damaged status Not for loan Collection Home library Current library Shelving location Date acquired Total checkouts Full call number Barcode Date last seen Copy number Price effective from Koha item type
    Library of Congress Classification     Non-fiction Business Library (Miotso) Business Library (Miotso) General stacks 03/04/2026   BS680.S854M37 1995 BSSM00002393 03/04/2026 1 03/04/2026 Books
© 2023-2024 Copyright: Central University Libraries. All Rights Reserved | Created by: Mahone Tech Office